Paroles : J'ai vu - Niagara - Statistiques

Statistiques générales
  • Ce quiz a été pris 78 fois
  • Le résultat moyen est 175 sur 232
Statistiques - réponses
Réponse % Correct
J'ai
100%
j'ai
100%
vu
100%
la
98%
et
96%
Et
96%
le
96%
Le
96%
ma
96%
À
94%
à
94%
ce
94%
guerre
94%
(guerre),
94%
les
94%
Les
94%
qui
92%
sang
92%
(sang)
92%
au
90%
de
90%
leur
90%
bout
88%
mort
88%
(mort)
88%
se
88%
victoire
88%
fusils
87%
je
87%
sur
87%
ceux
85%
peau,
85%
en
83%
marrer
83%
tous
83%
c'est
79%
comme
79%
dans
79%
ne
79%
si
79%
étais
77%
plus
77%
sont
77%
j'y
75%
Matin
75%
matin
75%
pour
75%
soir
75%
encore
73%
(-ié),
73%
Liban
73%
télé,
73%
Un
73%
un
73%
combats,
71%
Pékin
71%
prié
71%
des
69%
Des
69%
foi,
69%
nez
69%
vrai
69%
Chine
67%
cris
67%
était
67%
fois
67%
J'étais
67%
pas
67%
ramasser
67%
restaient
67%
sacrifiés
67%
devant
65%
Bucarest
62%
l'écran
62%
Berlin,
60%
homme
60%
sous
56%
une
56%
est
52%
fureur
52%
Gaza,
52%
Que
52%
Soweto,
52%
chien,
50%
collée
50%
train
50%
jeté
48%
me
48%
nom
46%
s'est
46%
ai
44%
misère
44%
Abandonné
42%
religieux,
42%
Ça
38%
jamais,
38%
ont
38%
lancé
37%
pierres
37%
bord
35%
faim
35%
déjà
33%
Lancer
33%
donné
31%
fait
31%
rien
31%
brûlés
29%
cent
29%
cessé
29%
drapeaux
29%
flotter,
29%
m'ont
29%
fatwa
27%
craindre
25%
mille
25%
regrette
25%
rouges
25%
vérité
25%
demain
23%
s'ouvrent
21%
fleurs
17%
mieux
17%
Accrochée
13%
cherché
13%
fenêtre
13%
bleutée
10%
Aucun quiz correspondant
Distribution des résultats
% des personnes avec chaque résultat
Percentile par nombre de réponses
Votre historique - résultats
Vous n’avez pas pris ce quiz